Catalog

Record Details

Catalog Search



Chronicles of the cursed sword #18/ story by Yeo ... Read More

Yŏ, Pŏm-nyong.(Author).
Pak, Hŭi-jin.(Added Author). Ryu, Yongji.(Added Author). ... Read More

Available copies

  • 1 of 1 copy available at LARL/NWRL Consortium.
  • 1 of 1 copy available at Lake Agassiz Regional Library. (Show preferred library)

Current holds

0 current holds with 1 total copy.

Show All Copies
Location Call Number / Copy Notes Barcode Shelving Location Status Due Date
Moorhead Public Library Y G YEO (Text) 33500009285131 Main Available -

Record details

  • ISBN: 9781598162059
  • ISBN: 1598162055
  • Physical Description: 182 p. : ill. ; 19 cm.
  • Publisher: Los Angeles, CA : Tokyopop, c2007.

Content descriptions

Target Audience Note:
13+
Subject: Comic books, strips, etc. > Korea (South) > Translations into English.
Graphic novels > Korea (South) > Translations into English.
Genre: Fantasy comic books, strips, etc.
LDR 01518nam a2200349Ka 4500
00179835
003LARL_NWRL_CONSORTIUM
00520070509125651.0
008070428s2007 cau 000 0 eng d
020 . ‡a9781598162059
020 . ‡a1598162055
035 . ‡a(OCoLC)123840196
1001 . ‡aYŏ, Pŏm-nyong. ‡0(LARL_NWRL_CONSORTIUM)194657
24510. ‡aChronicles of the cursed sword ‡n#18/ ‡cstory by Yeo Beop-Ryong ; art by Park Hui-Jin [translation, Yongji Ryu ;English adaption, Matt Varosky.
260 . ‡aLos Angeles, CA : ‡bTokyopop, ‡cc2007.
300 . ‡a182 p. : ‡bill. ; ‡c19 cm.
4900 . ‡aChronicles of the cursed sword ; ‡v18
5211 . ‡a13+
650 0. ‡aComic books, strips, etc. ‡zKorea (South) ‡vTranslations into English.
650 0. ‡aGraphic novels ‡zKorea (South) ‡vTranslations into English.
655 0. ‡aFantasy comic books, strips, etc.
7001 . ‡aPak, Hŭi-jin. ‡0(LARL_NWRL_CONSORTIUM)194658
7001 . ‡aRyu, Yongji.
7001 . ‡aVarosky, Matt. ‡0(LARL_NWRL_CONSORTIUM)194646
901 . ‡a79835 ‡bOCLC ‡c79835 ‡tbiblio

Additional Resources